<?xml version="1.0" encoding="UTF-8"?>
<collection xmlns="http://www.loc.gov/MARC21/slim">
 <record>
  <leader>01586nam a2200217Ia 4500</leader>
  <controlfield tag="001">CTU_135301</controlfield>
  <controlfield tag="008">210402s9999    xx            000 0 und d</controlfield>
  <datafield tag="020" ind1=" " ind2=" ">
   <subfield code="c">21000</subfield>
  </datafield>
  <datafield tag="082" ind1=" " ind2=" ">
   <subfield code="a">335.412</subfield>
  </datafield>
  <datafield tag="082" ind1=" " ind2=" ">
   <subfield code="b">Tr561</subfield>
  </datafield>
  <datafield tag="110" ind1=" " ind2=" ">
   <subfield code="a">Trường Đại học Sư phạm Thành phố Hồ Chí Minh</subfield>
  </datafield>
  <datafield tag="110" ind1=" " ind2=" ">
   <subfield code="b">Khoa Giáo dục Chính trị</subfield>
  </datafield>
  <datafield tag="245" ind1=" " ind2="0">
   <subfield code="a">Hỏi đáp kinh tế chính trị mác lênin</subfield>
  </datafield>
  <datafield tag="245" ind1=" " ind2="0">
   <subfield code="c">Trường Đại học Sư phạm Thành phố Hồ Chí Minh. Khoa Giáo dục Chính trị</subfield>
  </datafield>
  <datafield tag="260" ind1=" " ind2=" ">
   <subfield code="a">Thành phố Hồ Chí Minh</subfield>
  </datafield>
  <datafield tag="260" ind1=" " ind2=" ">
   <subfield code="b">Trẻ</subfield>
  </datafield>
  <datafield tag="260" ind1=" " ind2=" ">
   <subfield code="c">2008</subfield>
  </datafield>
  <datafield tag="520" ind1=" " ind2=" ">
   <subfield code="a">Cuốn sách Hỏi Đáp Môn Kinh Tế Chính Trị Mác - Lênin được biên soạn để phục vụ cho việc giảng dạy, nghiên cứu và học tập môn khoa học Mác - lênin trong hệ thống phân viện, trường Đại học, Cao đẳng, trung học dạy nghề. Nội dung được trình bày dưới dạng hỏi - đáp gồm 40 câu hỏi kèm trả lời. Với bố cục đơn giản, văn phong sáng sủa, cuốn sách đã đề cập đầy đủ và có hệ thống những nội dung trọng điểm sát với chương trình môn Kinh Tế Chính Trị Mác - Lênin theo tinh thần đổi mới của Đại hội lần thứ IX của Đảng cộng sản Việt Nam.</subfield>
  </datafield>
  <datafield tag="650" ind1=" " ind2=" ">
   <subfield code="a">Economic policy,Marxism</subfield>
  </datafield>
  <datafield tag="904" ind1=" " ind2=" ">
   <subfield code="i">Duy Bằng</subfield>
  </datafield>
  <datafield tag="980" ind1=" " ind2=" ">
   <subfield code="a">Trung tâm Học liệu Trường Đại học Cần Thơ</subfield>
  </datafield>
 </record>
</collection>
